Suomen suurimmat kaupungit A-Ä - Statistics

Yleistilastot
  • Tätä visaa on pelattu 999 kertaa
  • Keskiarvotulos 15 / 21
Vastaustilastot
A-Ä Väkiluku Kaupunki tai Kunta % Oikein
H 655 281 Helsinki
98%
E 290 200 Espoo
96%
T 238 420 Tampere
94%
O 205 629 Oulu
92%
V 233 383 Vantaa
92%
J 142 477 Jyväskylä
90%
K 119 379 Kuopio
83%
L 119 917 Lahti
83%
P 83 905 Pori
83%
R 63 128 Rovaniemi
79%
M 53 197 Mikkeli
72%
Ä 18 759 Äänekoski
63%
F 16 906 Forssa
63%
S 63 834 Seinäjoki
63%
U 15 685 Uusikaupunki
55%
I 26 509 Imatra
54%
A 16 476 Akaa
52%
Y 33 216 Ylöjärvi
45%
G 502 Geta
39%
N 42 709 Nurmijärvi
39%
B 442 Brändö
37%
Ehtoja vastaavia visoja ei löytynyt
Tulosjakauma
Jokaisen tuloksen saaneiden osuus
Persentiili vastausten määrän mukaan
Tuloshistoriasi
Et ole pelannut tätä visaa